000 01751namaa2200373 i 4500
003 EG-GICUC
005 20260411143620.0
008 260411s1985 sy ||||jr|||| 000 p ara d
040 _aEG-GiCUC
_bara
_cEG-GiCUC
_dEG-GiCUC
_erda
041 _aara
_hfre
082 0 4 _221
_a811.92
_bM9922b 1985
092 0 4 _221
_a811.92
_bM9922b 1985
099 _a811.92 M9922b 1985
100 1 _aبلاشر، ريجيس،
_d1900-1973
_eمؤلف.
240 1 _aUn poète arabe du IVe siècle de l'Hégire
_lArabic
245 1 0 _aابو الطيب المتنبى :
_bدراسة فى التاريخ الادبى /
_cد. ريجيس بلاشير ؛ ترجمة الدكتور ابراهيم الكيلانى
250 _aالطبعة الثانية
264 _aدمشق (سوريا) :
_bدار الفكر للطباعة والتوزيع والنشر،
_c1985
300 _a552 صفحة ؛
_c24 سم
_bإيضاحيات، صور، مثيليات ؛ Illustrations
336 _2rdacontent
_atext
337 _2rdamedia
_aUnmediated
338 _2rdacarrier
_avolume
500 _aالترجمة العربية لـ : Un poète arabe du IVe siècle de l'Hégire
504 _aيشتمل على ارجاعات ببليوجرافية..
541 _aد./ جابر عصفور ؛
_bالقاهرة ؛
_cإهداء ؛
_d2024.
600 1 0 _aالمتنبي، أبو الطيب أحمد بن الحسين،
_d915 أو 916-965.
650 1 7 _aالشعراء العرب
_2qrmak
650 1 7 _aالشعر العربى
_xتاريخ
_yالعصر العباسى الثانى
_2qrmak
650 1 7 _aالشعر العربى
_xتاريخ ونقد
_2qrmak
651 1 _2qrmak
700 1 _aالكيلانى، ابراهيم،
_eمترجم.
905 _aAmira
942 _2ddc
_cBK
_e21
_n0
999 _c179393
_d179393